UK Towns Quiz - Hampshire - Statistics

General Stats
  • This quiz has been taken 480 times
  • The average score is 25 of 105
Answer Stats
Clue Population Town % Correct
S 248,922 Southampton
98%
P 208,003 Portsmouth
97%
W 48,478 Winchester
87%
B 117,207 Basingstoke
86%
F 42,640 Fareham
83%
E 48,350 Eastleigh
79%
G 70,131 Gosport
79%
A 48,487 Andover
72%
H 46,953 Havant
69%
F 60,652 Farnborough
67%
A 39,807 Aldershot
65%
L 24,314 Lee-on-the-Solent
59%
W 34,772 Waterlooville
58%
A 17,874 Alton
51%
R 19,912 Romsey
48%
F 37,794 Fleet
47%
L 14,858 Lymington
47%
P 14,996 Petersfield
46%
C 31,976 Chandlers Ford
42%
T 28,094 Totton
42%
H 23,189 Hedge End
35%
H 9,060 Hook
34%
H 19,843 Hythe
33%
R 12,795 Ringwood
33%
B 3,488 Brockenhurst
32%
H 4,615 Hamble-le-Rice
32%
S 15,296 South Hayling
32%
N 11.877 New Milton
29%
L 2,462 Lyndhurst
28%
B 6,955 Bishops Waltham
27%
N 5,339 New Alresford
25%
W 5,289 Whitchurch
25%
E 11,506 Emsworth
24%
L 7,129 Liphook
24%
L 4,747 Liss
24%
B 9,349 Bordon
23%
B 5,897 Botley
23%
W 9,352 Whiteley
22%
Y 14,685 Yateley
22%
F 4,947 Fordingbridge
21%
N 6,304 Netley
21%
L 35,757 Locks Heath
19%
O 4,350 Overton
19%
T 14,758 Tadley
19%
A 2,369 Ashurst
18%
M 5,774 Marchwood
18%
O 5,088 Odiham
18%
W 2,173 Wickham
18%
B 8,073 Bursledon
17%
B 4,733 Bramley
16%
D 6,505 Denmead
16%
R 2,972 Rowlands Castle
16%
S 2,433 Sway
16%
H 34,040 Horndean
15%
F 5,617 Four Marks
14%
O 5,264 Oakley
14%
T 1,483 Twyford
14%
B 7,169 Blackwater
13%
K 4,630 Kings Worthy
13%
M 4,364 Milford on Sea
13%
O 1,249 Otterbourne
12%
B 6,756 Barton on Sea
11%
C 2,027 Cadnam
10%
C 1,256 Clanfield
10%
W 10,865 West End
10%
B 1,404 Bentley
9%
K 2,891 Kingsclere
9%
N 6,995 North Baddesley
9%
W 1,586 West Wellow
9%
C 3,828 Colden Common
8%
H 3,469 Hartley Wintney
8%
O 3,836 Old Basing
8%
S 1,386 Sherfield-on-Loddon
8%
S 3,114 Swanmore
8%
B 3,687 Bransgore
7%
C 1,171 Chilworth
7%
C 1,219 Crondall
7%
H 7,333 Holbury
7%
K 1,486 Knowle
7%
W 2,830 Waltham Chase
7%
W 5,176 Whitehill
7%
B 5,848 Blackfield
6%
C 1,307 Compton
6%
E 1,615 Everton
6%
H 1,157 Hordle
6%
L 1,503 Littleton
6%
C 2,123 Charlton
5%
K 1,206 Kings Somborne
5%
S 1,269 Stoke
5%
A 1,555 Anna Valley
4%
H 3,049 Horton Heath
4%
R 4,786 Rownhams
4%
S 2,684 South Wonston
4%
E 4,917 Elvetham Heath
3%
H 2,581 Hawley
3%
H 1,303 Holybourne
3%
L 2,740 Lindford
3%
M 1,041 Minley
3%
S 1,443 Shipton Bellinger
3%
H 4,935 Headley Down
2%
H 1,293 Hightown
2%
P 2,328 Picket Piece
2%
A 7,726 Ashley
1%
S 1,548 Sandleheath
1%
W 2,755 Woolton Hill
1%
No matching quizzes found
Score Distribution
Percent of People with Each Score
Percentile by Number Answered
Your Score History
You have not taken this quiz